Environmental impact assessment for Viet Nam water resources assistance project: Summary :Draft final project environmental impact assessment

Sparad:
Bibliografiska uppgifter
Institutionell upphovsman: Ministry of Agriculture and Rural Development (Vietnam)
Materialtyp: Bok
Språk:Undetermined
Publicerad: Washington D.C. The World bank 2003
Ämnen:
Taggar: Lägg till en tagg
Inga taggar, Lägg till första taggen!
Thư viện lưu trữ: Trung tâm Học liệu Trường Đại học Cần Thơ
LEADER 00696nam a2200193Ia 4500
001 CTU_62256
008 210402s9999 xx 000 0 und d
082 |a 363.61 
082 |b W927m 
110 |a Ministry of Agriculture and Rural Development (Vietnam) 
245 0 |a Environmental impact assessment for Viet Nam water resources assistance project: 
245 0 |b Summary :Draft final project environmental impact assessment 
245 0 |c Ministry of Agriculture and Rural Development (Vietnam) 
260 |a Washington D.C. 
260 |b The World bank 
260 |c 2003 
650 |a water resources development 
904 |i Minh 
980 |a Trung tâm Học liệu Trường Đại học Cần Thơ